[Event "BEM2013 der Damen"]
[Site "Westerndorf St. Peter / Rosen"]
[Date "2013.08.27"]
[Round "4.3"]
[White "Roos, Karin"]
[Black "Hastreiter, Laura"]
[Result "1/2-1/2"]
[WhiteElo "1775"]
[BlackElo "1752"]
[PlyCount "35"]
[EventDate "2013.??.??"]
[WhiteTeam "FC Bayern München e.V."]
[BlackTeam "SG Vogtareuth-Prutting"]

1. e4 e6 2. Nf3 d5 3. exd5 exd5 4. d4 Bd6 5. Nc3 Nf6 6. Bd3 O-O 7. O-O Bg4 8.
Nb5 Re8 9. Nxd6 Qxd6 10. Be2 Nbd7 11. Be3 Re7 12. Qd3 Rae8 13. Rae1 Ne4 14. Nd2
Bxe2 15. Rxe2 Ndf6 16. Nxe4 Rxe4 17. f3 R8e6 18. Rfe1 1/2-1/2

[Event "BEM2013 der Damen"]
[Site "Westerndorf St. Peter / Rosen"]
[Date "2013.08.27"]
[Round "4.4"]
[White "Zabarska, Natalia"]
[Black "Stegmaier, Erika"]
[Result "0-1"]
[WhiteElo "1836"]
[BlackElo "1529"]
[PlyCount "56"]
[EventDate "2013.??.??"]
[WhiteTeam "Spvg Zabo-Eintracht Nürnberg e.V"]
[BlackTeam "1.Schachklub Neuperlach e.V."]

1. e4 c5 2. Nc3 Nc6 3. d3 e6 4. f4 d6 5. Nf3 Be7 6. g3 Nf6 7. Bg2 a6 8. a4 O-O
9. O-O Qc7 10. Nh4 Nd4 11. f5 exf5 12. Nxf5 Nxf5 13. exf5 Re8 14. g4 h6 15. h4
Nh7 16. g5 hxg5 17. hxg5 Bxg5 18. Bxg5 Nxg5 19. f6 Re5 20. Nd5 Qd8 21. Kh2 Be6
22. c4 Bxd5 23. Bxd5 Qd7 24. Qh5 Nh7 25. Qg6 Rg5 26. Qxg7+ Rxg7 27. fxg7 Ng5
28. Rg1 Qh3# 0-1

[Event "BEM2013 der Damen"]
[Site "Westerndorf St. Peter / Rosen"]
[Date "2013.08.27"]
[Round "4.5"]
[White "Billing, Kerstin"]
[Black "Weiß, Monika"]
[Result "1-0"]
[WhiteElo "1714"]
[BlackElo "1661"]
[PlyCount "103"]
[EventDate "2013.??.??"]
[WhiteTeam "SC Schwabmünchen"]
[BlackTeam "SC Bavaria Regensb.1881"]

1. e4 d6 2. Bc4 Nf6 3. d3 g6 4. Be3 Bg7 5. Nc3 O-O 6. h3 c6 7. Nf3 b5 8. Bb3
Nbd7 9. Qd2 a5 10. d4 b4 11. Nd1 c5 12. Bh6 Qc7 13. Bxg7 Kxg7 14. Ne3 Nb6 15.
Nc4 Nxc4 16. Bxc4 Bb7 17. Qf4 e5 18. Qh4 h6 19. g4 g5 20. Nxg5 d5 21. exd5 Nxd5
22. Ne4 f6 23. Rg1 Nf4 24. g5 hxg5 25. Nxg5 fxg5 26. Qxg5+ Kh8 27. Rg3 Bd5 28.
Bxd5 Nxd5 29. Qh5+ Qh7 30. Qxe5+ Nf6 31. O-O-O Qh6+ 32. Kb1 Rac8 33. Rdg1 Rfe8
34. Qf5 Qh4 35. Rf3 Rf8 36. Rf4 Qh5 37. Rg5 Qf7 38. Rh4+ Nh7 39. Qe5+ Qf6 40.
Qe4 Rc7 41. Rg6 Qf5 42. Qg2 Rcf7 43. Rhg4 Nf6 44. R4g5 Qc8 45. Qg3 Rh7 46. Qe5
Qc6 47. Rf5 Rxh3 48. b3 Rh1+ 49. Kb2 Kh7 50. Rgxf6 Rxf6 51. Rxf6 Qc8 52. Qe4+
1-0

[Event "BEM2013 der Damen"]
[Site "Westerndorf St. Peter / Rosen"]
[Date "2013.08.27"]
[Round "4.6"]
[White "Milak, Adela"]
[Black "Lorenz, Oda"]
[Result "0-1"]
[WhiteElo "1666"]
[BlackElo "1872"]
[PlyCount "54"]
[EventDate "2013.??.??"]
[WhiteTeam "SC Haar 1931"]
[BlackTeam "Schachges. Augsburg 1873"]

1. e4 e5 2. Nf3 Nc6 3. Bb5 Nf6 4. O-O a6 5. Ba4 b5 6. Bb3 Be7 7. Nc3 O-O 8. a3
d6 9. h3 Bb7 10. Nd5 Nxe4 11. Nxe7+ Nxe7 12. d3 Nc5 13. Ba2 Ne6 14. Bd2 Ng6 15.
c4 Qf6 16. Ne1 Ngf4 17. Kh2 Qg6 18. Bb1 e4 19. d4 bxc4 20. f3 Nd3 21. Be3 Rfe8
22. b4 Ng5 23. f4 Ne6 24. f5 Qf6 25. Nxd3 exd3 26. fxe6 Qxe6 27. Re1 Qe5+ 0-1

[Event "BEM2013 der Damen"]
[Site "Westerndorf St. Peter / Rosen"]
[Date "2013.08.27"]
[Round "4.7"]
[White "Gremer, Kathrin"]
[Black "Homfeldt, Claudia Laura"]
[Result "1-0"]
[WhiteElo "1781"]
[BlackElo "1434"]
[PlyCount "83"]
[EventDate "2013.??.??"]
[WhiteTeam "SC Steinwiesen"]
[BlackTeam "SC Noris-Tarrasch Nürnberg 1873"]

1. e4 d5 2. exd5 Qxd5 3. Nc3 Qa5 4. Nf3 Nf6 5. d4 c6 6. Bd3 Qc7 7. h3 Nbd7 8.
O-O e6 9. Re1 Bb4 10. Bg5 h6 11. Bd2 O-O 12. Qe2 c5 13. Nb5 Qc6 14. c3 Ba5 15.
dxc5 Bd8 16. b4 b6 17. Nbd4 Qb7 18. c6 Qb8 19. cxd7 Bxd7 20. Ne5 Be8 21. Ng4
Nxg4 22. Qxg4 Bc7 23. Bxh6 g6 24. Bxf8 Kxf8 25. Re2 Bh2+ 26. Kh1 Bd6 27. Rae1
Qc7 28. Bxg6 fxg6 29. Nxe6+ Kf7 30. Nxc7 Bxc7 31. Rxe8 Rxe8 32. Qd7+ Kf6 33.
Rxe8 Kg5 34. Qxc7 b5 35. f4+ Kh4 36. Rh8+ Kg3 37. f5+ Kf2 38. Qf4+ Ke2 39. Re8+
Kd3 40. Qd4+ Kc2 41. Re2+ Kb1 42. Qd1# 1-0

[Event "BEM2013 der Damen"]
[Site "Westerndorf St. Peter / Rosen"]
[Date "2013.08.27"]
[Round "4.8"]
[White "Rascher, Helena"]
[Black "Homfeldt, Maren"]
[Result "1-0"]
[WhiteElo "1257"]
[BlackElo "951"]
[PlyCount "69"]
[EventDate "2013.??.??"]
[WhiteTeam "ASV Martinszell Abteilung Schach"]
[BlackTeam "SC Noris-Tarrasch Nürnberg 1873"]

1. e4 g6 2. d4 Bg7 3. Nc3 a6 4. f4 e6 5. Nf3 h6 6. Be2 Ne7 7. Be3 d6 8. Qd2 Nd7
9. O-O-O b6 10. h4 Nf6 11. Nh2 Bb7 12. Bf3 Qd7 13. Ng4 Neg8 14. Nxf6+ Nxf6 15.
Rhf1 h5 16. e5 Nd5 17. Nxd5 Bxd5 18. Bxd5 exd5 19. Qe2 Bh6 20. Qf3 dxe5 21.
dxe5 Qe6 22. Qxd5 Qxd5 23. Rxd5 O-O 24. Rd7 Rac8 25. Rfd1 Rfd8 26. Rxd8+ Rxd8
27. Rxd8+ Kg7 28. Rd7 c5 29. e6 Kf6 30. e7 Kf5 31. e8=Q Kg4 32. Qxf7 Kxh4 33.
Qxg6 c4 34. Qxh6 b5 35. Qg5# 1-0

[Event "BEM2013 der Damen"]
[Site "Westerndorf St. Peter / Rosen"]
[Date "2013.08.28"]
[Round "5.1"]
[White "Stegmaier, Erika"]
[Black "Zwetz, Anita"]
[Result "0-1"]
[WhiteElo "1529"]
[BlackElo "1890"]
[PlyCount "64"]
[EventDate "2013.??.??"]
[WhiteTeam "1.Schachklub Neuperlach e.V."]
[BlackTeam "TSV Kareth-Lappersdorf"]

1. c4 e6 2. Nc3 d5 3. cxd5 exd5 4. d4 Nf6 5. g3 c6 6. Bg2 Bb4 7. Bd2 O-O 8. a3
Bd6 9. Nf3 Qe7 10. O-O Bg4 11. Re1 Ne4 12. h3 Bh5 13. Nh4 f5 14. Bf3 Be8 15.
Nxe4 fxe4 16. Bg4 Bd7 17. Bxd7 Nxd7 18. Bb4 Bxb4 19. axb4 Qxb4 20. b3 Qd6 21.
e3 Qe6 22. g4 Qf6 23. Ng2 Qxf2+ 24. Kh1 Rf3 25. Rf1 Qg3 26. Kg1 Qxh3 27. g5 Qg3
28. Kh1 Raf8 29. Qe2 Rxf1+ 30. Rxf1 Rxf1+ 31. Qxf1 Qxg5 32. Nf4 Nf6 0-1

[Event "BEM2013 der Damen"]
[Site "Westerndorf St. Peter / Rosen"]
[Date "2013.08.28"]
[Round "5.2"]
[White "Horstmann, Astrid"]
[Black "Hastreiter, Laura"]
[Result "1-0"]
[WhiteElo "1949"]
[BlackElo "1752"]
[PlyCount "50"]
[EventDate "2013.??.??"]
[WhiteTeam "SC Bechhofen 1923 e.V."]
[BlackTeam "SG Vogtareuth-Prutting"]

1. c4 e5 2. Nc3 Nf6 3. g3 Nc6 4. Bg2 g6 5. e3 Bg7 6. Nge2 O-O 7. O-O Re8 8. d3
d6 9. Rb1 Bf5 10. e4 Be6 11. h3 Qc8 12. Kh2 Nd7 13. f4 f5 14. exf5 Bxf5 15. g4
Be6 16. f5 gxf5 17. gxf5 Bf7 18. Nd5 Nf6 19. Bg5 Bxd5 20. Bxd5+ Nxd5 21. cxd5
Ne7 22. f6 Bxf6 23. Rxf6 Kg7 24. Ng3 Qd8 25. Qf3 Qd7 1-0

[Event "BEM2013 der Damen"]
[Site "Westerndorf St. Peter / Rosen"]
[Date "2013.08.28"]
[Round "5.3"]
[White "Billing, Kerstin"]
[Black "Roos, Karin"]
[Result "0-1"]
[WhiteElo "1714"]
[BlackElo "1775"]
[PlyCount "46"]
[EventDate "2013.??.??"]
[WhiteTeam "SC Schwabmünchen"]
[BlackTeam "FC Bayern München e.V."]

1. e4 d6 2. d4 g6 3. Nf3 Bg7 4. Nc3 Nf6 5. Bc4 O-O 6. h3 Nc6 7. Be3 e5 8. d5
Ne7 9. Qd2 Nd7 10. Bh6 f5 11. Bxg7 Kxg7 12. Ng5 Nf6 13. exf5 Nxf5 14. g4 Nd4
15. O-O-O h6 16. Nge4 Nxe4 17. Nxe4 b5 18. Bd3 Bb7 19. c4 a5 20. cxb5 Bxd5 21.
Nc3 Bxa2 22. Qe3 Rxf2 23. Qe4 Qg5+ 0-1

[Event "BEM2013 der Damen"]
[Site "Westerndorf St. Peter / Rosen"]
[Date "2013.08.28"]
[Round "5.4"]
[White "Müller, Liliane"]
[Black "Nieberle, Cornelia"]
[Result "1/2-1/2"]
[WhiteElo "1661"]
[BlackElo "1726"]
[PlyCount "73"]
[EventDate "2013.??.??"]
[WhiteTeam "1.Schachklub Neuperlach e.V."]
[BlackTeam "SK Bobingen"]

1. d4 d5 2. c4 e6 3. Nc3 Nf6 4. Nf3 h6 5. e3 c5 6. Bd3 Nc6 7. a3 a6 8. O-O dxc4
9. Bxc4 b5 10. Bd3 c4 11. Bc2 Bb7 12. e4 Be7 13. h3 O-O 14. Be3 Na5 15. e5 Nd5
16. Nxd5 Qxd5 17. Bd2 Nc6 18. Bc3 Rac8 19. Qe2 Nb8 20. Rfe1 Rfd8 21. Rad1 Qd7
22. Nd2 Bd5 23. Ne4 Qb7 24. Qg4 Nd7 25. Bd2 Kh8 26. Qh5 f5 27. exf6 Nxf6 28.
Nxf6 Bxf6 29. Qg6 Kg8 30. Bxh6 Qf7 31. Qh7+ Kf8 32. Bd2 Bxd4 33. Bb4+ Bc5 34.
Bxc5+ Rxc5 35. Qh8+ Ke7 36. Qh4+ Qf6 37. Qxf6+ 1/2-1/2

[Event "BEM2013 der Damen"]
[Site "Westerndorf St. Peter / Rosen"]
[Date "2013.08.28"]
[Round "5.5"]
[White "Lorenz, Oda"]
[Black "Zabarska, Natalia"]
[Result "0-1"]
[WhiteElo "1872"]
[BlackElo "1836"]
[PlyCount "77"]
[EventDate "2013.??.??"]
[WhiteTeam "Schachges. Augsburg 1873"]
[BlackTeam "Spvg Zabo-Eintracht Nürnberg e.V"]

1. e4 e6 2. d4 d5 3. exd5 exd5 4. c4 c6 5. Nc3 Nf6 6. Bg5 Be7 7. Nf3 O-O 8. c5
Bg4 9. h3 Bh5 10. Be2 Nbd7 11. O-O Ne4 12. Bxe7 Qxe7 13. Nd2 Nxc3 14. bxc3 Qxe2
15. Qc2 Bg6 16. Qb2 Rfe8 17. Rfe1 Qa6 18. Nf1 Nf6 19. f3 Nh5 20. Qd2 Bd3 21.
Ne3 Ng3 22. Kf2 Nf5 23. Ng4 Bc4 24. Ne5 f6 25. Nxc4 Qxc4 26. g4 Nh4 27. Kg3 Ng6
28. h4 Kf7 29. h5 Nf8 30. f4 b6 31. cxb6 axb6 32. g5 Rxe1 33. Rxe1 Ra3 34. Re3
Qxa2 35. g6+ hxg6 36. hxg6+ Nxg6 37. Qd3 Qa1 38. Qf5 Qg1+ 39. Kh3 0-1

[Event "BEM2013 der Damen"]
[Site "Westerndorf St. Peter / Rosen"]
[Date "2013.08.28"]
[Round "5.6"]
[White "Weiß, Monika"]
[Black "Gremer, Kathrin"]
[Result "0-1"]
[WhiteElo "1661"]
[BlackElo "1781"]
[PlyCount "26"]
[EventDate "2013.??.??"]
[WhiteTeam "SC Bavaria Regensb.1881"]
[BlackTeam "SC Steinwiesen"]

1. e4 e5 2. Nc3 Nf6 3. Bc4 Bc5 4. d3 h6 5. a3 d6 6. Nge2 Ng4 7. d4 exd4 8. Nxd4
O-O 9. Be3 Nxe3 10. fxe3 Qh4+ 11. Kd2 Qg5 12. Kd3 Nc6 13. Qf3 Ne5+ 0-1

[Event "BEM2013 der Damen"]
[Site "Westerndorf St. Peter / Rosen"]
[Date "2013.08.28"]
[Round "5.7"]
[White "Milak, Adela"]
[Black "Rascher, Helena"]
[Result "1-0"]
[WhiteElo "1666"]
[BlackElo "1257"]
[PlyCount "72"]
[EventDate "2013.??.??"]
[WhiteTeam "SC Haar 1931"]
[BlackTeam "ASV Martinszell Abteilung Schach"]

1. e4 c5 2. Nf3 d6 3. d4 cxd4 4. Nxd4 Nf6 5. Nc3 a6 6. Be2 e5 7. Nb3 b5 8. O-O
Be7 9. Be3 O-O 10. Bf3 Bb7 11. a3 Nbd7 12. Nd5 Bxd5 13. exd5 Ne8 14. Qd2 f5 15.
g3 Nef6 16. Qb4 e4 17. Be2 Nxd5 18. Qd4 Nxe3 19. Qxe3 Ne5 20. Nd4 Rf6 21. a4
Nc4 22. Qb3 d5 23. Rfd1 Na5 24. Qa2 b4 25. c4 bxc3 26. bxc3 Kh8 27. f3 Bc5 28.
Kg2 h6 29. c4 Bxd4 30. Rxd4 Rd6 31. cxd5 Nc6 32. Rd2 e3 33. Rdd1 Ne7 34. Bc4
Nxd5 35. Rab1 a5 36. Qe2 Ne7 1-0

[Event "BEM2013 der Damen"]
[Site "Westerndorf St. Peter / Rosen"]
[Date "2013.08.28"]
[Round "5.8"]
[White "Homfeldt, Claudia Laura"]
[Black "Homfeldt, Maren"]
[Result "1/2-1/2"]
[WhiteElo "1434"]
[BlackElo "951"]
[PlyCount "93"]
[EventDate "2013.??.??"]
[WhiteTeam "SC Noris-Tarrasch Nürnberg 1873"]
[BlackTeam "SC Noris-Tarrasch Nürnberg 1873"]

1. e4 g6 2. Nf3 h6 3. Bc4 e6 4. Nc3 a6 5. d3 Bg7 6. e5 Ne7 7. d4 d5 8. exd6
Qxd6 9. O-O b6 10. Qe2 Bb7 11. Be3 Nbc6 12. d5 Nd8 13. dxe6 Nxe6 14. Bxe6 fxe6
15. Rad1 Qb4 16. Rb1 b5 17. a3 Qc4 18. Qe1 Bxf3 19. gxf3 Nf5 20. Qd1 Rd8 21.
Bd2 Nd4 22. b3 Qc6 23. Kg2 Qxf3+ 24. Qxf3 Nxf3 25. Kxf3 Rxd2 26. Ne4 Rxc2 27.
Rbc1 Rxc1 28. Rxc1 O-O+ 29. Ke3 Rf7 30. Rc6 Re7 31. Rxa6 e5 32. Ra8+ Kh7 33.
Ra7 g5 34. Nc3 Bf6 35. Nxb5 c6 36. Rxe7+ Bxe7 37. a4 Bb4 38. Nc7 Bc3 39. Ne6
Kg6 40. f3 Kf5 41. Ng7+ Kg6 42. Ne6 Kh5 43. Kf2 Kh4 44. Kg2 Kh5 45. h3 g4 46.
hxg4+ Kh4 47. Kf2 1/2-1/2

[Event "BEM2013 der Damen"]
[Site "Westerndorf St. Peter / Rosen"]
[Date "2013.08.28"]
[Round "6.1"]
[White "Zwetz, Anita"]
[Black "Roos, Karin"]
[Result "1/2-1/2"]
[WhiteElo "1890"]
[BlackElo "1775"]
[PlyCount "71"]
[EventDate "2013.??.??"]
[WhiteTeam "TSV Kareth-Lappersdorf"]
[BlackTeam "FC Bayern München e.V."]

1. d4 Nf6 2. Bg5 e6 3. e4 h6 4. Bxf6 Qxf6 5. Nf3 c5 6. c3 b6 7. e5 Qg6 8. Be2
Be7 9. O-O Bb7 10. dxc5 Bxc5 11. Nbd2 Be7 12. Nc4 O-O 13. Nd6 Ba6 14. Bxa6 Nxa6
15. b4 f6 16. Rc1 Qh5 17. exf6 Bxf6 18. Qa4 Nb8 19. Qc2 Nc6 20. Ne4 Rac8 21.
Qd2 d5 22. Nxf6+ Rxf6 23. Rfe1 Rcf8 24. Qe3 Qg4 25. h3 Qh5 26. Re2 e5 27. Nxe5
Nxe5 28. Qxe5 Qxe5 29. Rxe5 Rxf2 30. Rxd5 Rxa2 31. Rf1 Rc2 32. Rxf8+ Kxf8 33.
Rd3 a5 34. bxa5 bxa5 35. Rd5 a4 36. Ra5 1/2-1/2

[Event "BEM2013 der Damen"]
[Site "Westerndorf St. Peter / Rosen"]
[Date "2013.08.28"]
[Round "6.2"]
[White "Horstmann, Astrid"]
[Black "Müller, Liliane"]
[Result "1-0"]
[WhiteElo "1949"]
[BlackElo "1661"]
[PlyCount "84"]
[EventDate "2013.??.??"]
[WhiteTeam "SC Bechhofen 1923 e.V."]
[BlackTeam "1.Schachklub Neuperlach e.V."]

1. c4 Nf6 2. d4 e6 3. Nf3 c5 4. Nc3 cxd4 5. Nxd4 a6 6. Bg5 Be7 7. g3 h6 8. Be3
O-O 9. Bg2 e5 10. Nc2 Ng4 11. O-O Nxe3 12. Nxe3 Nc6 13. Ned5 Bc5 14. a3 d6 15.
b4 Ba7 16. e3 Be6 17. Ne4 f5 18. Nxd6 Rb8 19. c5 Kh8 20. Qd2 Qd7 21. Rad1 Rbd8
22. Qc3 e4 23. f3 Bxd5 24. Rxd5 Qe6 25. fxe4 fxe4 26. Rdf5 Rxf5 27. Nxf5 Qe5
28. Qxe5 Nxe5 29. Bxe4 Nc4 30. Bxb7 a5 31. Ba6 Nxa3 32. c6 Bb6 33. bxa5 Bc7 34.
Nd4 Ra8 35. Bd3 Bxa5 36. Rf7 Kg8 37. Rd7 Bd2 38. Ne6 Bxe3+ 39. Kg2 Bb6 40.
Rxg7+ Kh8 41. Rb7 Re8 42. Nf4 Ba7 1-0

[Event "BEM2013 der Damen"]
[Site "Westerndorf St. Peter / Rosen"]
[Date "2013.08.28"]
[Round "6.3"]
[White "Gremer, Kathrin"]
[Black "Nieberle, Cornelia"]
[Result "1/2-1/2"]
[WhiteElo "1781"]
[BlackElo "1726"]
[PlyCount "33"]
[EventDate "2013.??.??"]
[WhiteTeam "SC Steinwiesen"]
[BlackTeam "SK Bobingen"]

1. e4 e5 2. Nf3 Nc6 3. Bc4 Bc5 4. O-O Nf6 5. d3 h6 6. Nc3 d6 7. h3 O-O 8. Na4
Bb6 9. Nxb6 axb6 10. Be3 Be6 11. Bxe6 fxe6 12. Qd2 Nh7 13. Nh2 Qe7 14. Ng4 Nf6
15. a3 Nd4 16. Rac1 Nh5 17. Bxd4 1/2-1/2

[Event "BEM2013 der Damen"]
[Site "Westerndorf St. Peter / Rosen"]
[Date "2013.08.28"]
[Round "6.4"]
[White "Zabarska, Natalia"]
[Black "Billing, Kerstin"]
[Result "1-0"]
[WhiteElo "1836"]
[BlackElo "1714"]
[PlyCount "73"]
[EventDate "2013.??.??"]
[WhiteTeam "Spvg Zabo-Eintracht Nürnberg e.V"]
[BlackTeam "SC Schwabmünchen"]

1. e4 e5 2. f4 exf4 3. Nf3 Bc5 4. Bc4 d6 5. d4 Bb6 6. Bxf4 Bg4 7. c3 Bxf3 8.
Qxf3 Nc6 9. O-O Qf6 10. Nd2 O-O-O 11. Qg4+ Kb8 12. Bg5 Bxd4+ 13. Kh1 Qe5 14.
cxd4 Qxd4 15. Bxd8 Nh6 16. Qe2 Rxd8 17. Nb3 Qe5 18. Bxf7 d5 19. Bxd5 a6 20.
Bxc6 bxc6 21. Qxa6 Ng4 22. g3 Qxe4+ 23. Kg1 Qe3+ 24. Kg2 Qh6 25. h4 Ne3+ 26.
Kg1 Nxf1 27. Rxf1 Qe3+ 28. Kh2 Re8 29. Qc4 Kc8 30. Qxc6 Qe2+ 31. Qg2 Qb5 32.
Nc5 Qa6 33. Qd5 Rd8 34. Qe6+ Kb8 35. Qe7 Qb6 36. Qxd8+ Ka7 37. Qd4 1-0

[Event "BEM2013 der Damen"]
[Site "Westerndorf St. Peter / Rosen"]
[Date "2013.08.28"]
[Round "6.5"]
[White "Hastreiter, Laura"]
[Black "Stegmaier, Erika"]
[Result "1-0"]
[WhiteElo "1752"]
[BlackElo "1529"]
[PlyCount "29"]
[EventDate "2013.??.??"]
[WhiteTeam "SG Vogtareuth-Prutting"]
[BlackTeam "1.Schachklub Neuperlach e.V."]

1. e4 c5 2. Nf3 Nc6 3. d4 cxd4 4. Nxd4 a6 5. Bc4 e6 6. O-O Ne5 7. Bb3 Nf6 8. f4
Ng6 9. e5 Ne4 10. Qd2 d5 11. exd6 Nxd6 12. f5 Ne7 13. fxe6 Bxe6 14. Nxe6 Qb6+
15. Qe3 1-0

[Event "BEM2013 der Damen"]
[Site "Westerndorf St. Peter / Rosen"]
[Date "2013.08.28"]
[Round "6.6"]
[White "Rascher, Helena"]
[Black "Lorenz, Oda"]
[Result "1/2-1/2"]
[WhiteElo "1257"]
[BlackElo "1872"]
[PlyCount "42"]
[EventDate "2013.??.??"]
[WhiteTeam "ASV Martinszell Abteilung Schach"]
[BlackTeam "Schachges. Augsburg 1873"]

1. e4 e5 2. Bc4 Bc5 3. Nf3 Nc6 4. c3 Nf6 5. d3 O-O 6. b4 Be7 7. b5 Na5 8. Bb3
d5 9. Nxe5 dxe4 10. dxe4 Qxd1+ 11. Bxd1 Nxe4 12. O-O Bf6 13. f4 Nd6 14. Ba3 Rd8
15. Bb3 Nxb3 16. axb3 Nxb5 17. Bb2 Be6 18. c4 Nd4 19. Nc3 Nxb3 20. Rad1 a6 21.
Ne4 Bxc4 1/2-1/2

[Event "BEM2013 der Damen"]
[Site "Westerndorf St. Peter / Rosen"]
[Date "2013.08.28"]
[Round "6.7"]
[White "Homfeldt, Claudia Laura"]
[Black "Milak, Adela"]
[Result "0-1"]
[WhiteElo "1434"]
[BlackElo "1666"]
[PlyCount "84"]
[EventDate "2013.??.??"]
[WhiteTeam "SC Noris-Tarrasch Nürnberg 1873"]
[BlackTeam "SC Haar 1931"]

1. e4 e5 2. Nf3 Nf6 3. Nxe5 Qe7 4. d4 d6 5. Nf3 Bg4 6. Nc3 Nxe4 7. Nxe4 Qxe4+
8. Be3 Bxf3 9. gxf3 Qc6 10. d5 Qd7 11. Qe2 Be7 12. O-O-O O-O 13. Kb1 Bf6 14.
Qd3 a5 15. Bd4 Bxd4 16. Qxd4 Qf5 17. Rg1 g6 18. Rg3 Na6 19. a3 Nc5 20. Ka2 Qxc2
21. f4 Qe4 22. Qc3 Qxf4 23. Rh3 Qxf2 24. Qc4 f5 25. Rc1 Rfe8 26. Rc2 Qe1 27.
Re2 Rxe2 28. Bxe2 Re8 29. Bf3 Re3 30. Bg2 Rxh3 31. Bxh3 Qe4 32. Qb5 Qxd5+ 33.
b3 c6 34. Qe2 Qxb3+ 35. Ka1 Qxa3+ 36. Kb1 Qd3+ 37. Qxd3 Nxd3 38. Bf1 Ne5 39. h3
Kf7 40. Ka2 b6 41. Ka3 d5 42. Ba6 f4 0-1

[Event "BEM2013 der Damen"]
[Site "Westerndorf St. Peter / Rosen"]
[Date "2013.08.28"]
[Round "6.8"]
[White "Homfeldt, Maren"]
[Black "Weiß, Monika"]
[Result "1/2-1/2"]
[WhiteElo "951"]
[BlackElo "1661"]
[PlyCount "32"]
[EventDate "2013.??.??"]
[WhiteTeam "SC Noris-Tarrasch Nürnberg 1873"]
[BlackTeam "SC Bavaria Regensb.1881"]

1. g3 Nf6 2. h3 d6 3. Bg2 g6 4. d3 Bg7 5. b3 O-O 6. Bb2 c6 7. Nd2 Nbd7 8. e3
Nb6 9. a3 Nfd5 10. Bxg7 Kxg7 11. Ne2 e5 12. Ne4 f5 13. N4c3 Be6 14. Nxd5 Bxd5
15. Bxd5 Nxd5 16. Qd2 Qf6 1/2-1/2

[Event "BEM2013 der Damen"]
[Site "Westerndorf St. Peter / Rosen"]
[Date "2013.08.29"]
[Round "7.1"]
[White "Nieberle, Cornelia"]
[Black "Zwetz, Anita"]
[Result "1-0"]
[WhiteElo "1726"]
[BlackElo "1890"]
[PlyCount "84"]
[EventDate "2013.??.??"]
[WhiteTeam "SK Bobingen"]
[BlackTeam "TSV Kareth-Lappersdorf"]

1. d4 d5 2. e3 Nf6 3. Bd3 e6 4. Nf3 Nbd7 5. Nbd2 c6 6. O-O Bd6 7. b3 O-O 8. Bb2
Bc7 9. Ne5 Nxe5 10. dxe5 Nd7 11. f4 Nc5 12. Ba3 Bb6 13. Bxc5 Bxc5 14. Rf3 f5
15. Rh3 g6 16. c3 Bd7 17. b4 Be7 18. Nb3 b6 19. Be2 Rf7 20. Rf3 Qf8 21. a3 g5
22. g3 Rg7 23. c4 g4 24. Rf2 Rg6 25. cxd5 exd5 26. Rc1 a6 27. Qd4 Qd8 28. Bf1
Be8 29. Bd3 Bd7 30. Bf1 h5 31. Rfc2 Qc7 32. Qxd5+ Be6 33. Qxc6 Qd8 34. Nd4 Kf7
35. Nxe6 Rxe6 36. Bc4 Qf8 37. Qxe6+ Kg7 38. Ba2 Ra7 39. Rc7 Rxc7 40. Rxc7 Qe8
41. Qxe7+ Qxe7 42. Rxe7+ Kf8 1-0

[Event "BEM2013 der Damen"]
[Site "Westerndorf St. Peter / Rosen"]
[Date "2013.08.29"]
[Round "7.2"]
[White "Zabarska, Natalia"]
[Black "Horstmann, Astrid"]
[Result "0-1"]
[WhiteElo "1836"]
[BlackElo "1949"]
[PlyCount "80"]
[EventDate "2013.??.??"]
[WhiteTeam "Spvg Zabo-Eintracht Nürnberg e.V"]
[BlackTeam "SC Bechhofen 1923 e.V."]

1. e4 c5 2. Nc3 Nc6 3. d3 g6 4. f4 Bg7 5. Nf3 d6 6. g3 e6 7. Bg2 Nge7 8. O-O
O-O 9. g4 f5 10. exf5 gxf5 11. g5 Rb8 12. h4 b5 13. h5 b4 14. Ne2 Nd4 15. Nh4
Bb7 16. h6 Bh8 17. Ng3 Qe8 18. Bd2 Nb5 19. Qe2 Nd4 20. Qe1 Ng6 21. Nxg6 Qxg6
22. Rc1 Bxg2 23. Kxg2 e5 24. c3 bxc3 25. Bxc3 exf4 26. Rxf4 Rbe8 27. Qf1 Qxg5
28. Bxd4 Bxd4 29. Rc4 Be5 30. Kh3 Bxf4 31. Rxf4 Qxh6+ 32. Rh4 Qg5 33. Qf3 Re3
34. Rh5 Rxf3 35. Rxg5+ Kf7 36. Kg2 Rxd3 37. Nxf5 Kf6 38. Rh5 Rd5 39. Ng7 Rxh5
40. Nxh5+ Kg5 0-1

[Event "BEM2013 der Damen"]
[Site "Westerndorf St. Peter / Rosen"]
[Date "2013.08.29"]
[Round "7.3"]
[White "Roos, Karin"]
[Black "Gremer, Kathrin"]
[Result "0-1"]
[WhiteElo "1775"]
[BlackElo "1781"]
[PlyCount "34"]
[EventDate "2013.??.??"]
[WhiteTeam "FC Bayern München e.V."]
[BlackTeam "SC Steinwiesen"]

1. e4 e5 2. Nf3 Nc6 3. Bb5 Bc5 4. O-O d6 5. d4 exd4 6. Nxd4 Bd7 7. Be3 Nge7 8.
Re1 O-O 9. Nxc6 bxc6 10. Ba4 Bb6 11. Nc3 Re8 12. Qf3 Ng6 13. Rad1 Ne5 14. Qg3
Re6 15. Bb3 Rg6 16. Bg5 Rxg5 17. Qf4 Rg4 0-1

[Event "BEM2013 der Damen"]
[Site "Westerndorf St. Peter / Rosen"]
[Date "2013.08.29"]
[Round "7.4"]
[White "Milak, Adela"]
[Black "Hastreiter, Laura"]
[Result "0-1"]
[WhiteElo "1666"]
[BlackElo "1752"]
[PlyCount "102"]
[EventDate "2013.??.??"]
[WhiteTeam "SC Haar 1931"]
[BlackTeam "SG Vogtareuth-Prutting"]

1. e4 e6 2. Nf3 d5 3. exd5 exd5 4. d4 Bd6 5. Nc3 Nf6 6. Be2 c6 7. O-O O-O 8. g3
Bh3 9. Re1 Qc7 10. Bd3 Bg4 11. b3 Nbd7 12. Be2 Bb4 13. Qd3 Ne4 14. Bb2 Qa5 15.
a3 Bxc3 16. b4 Bxb4 17. axb4 Qb6 18. Nh4 Bxe2 19. Rxe2 Rfe8 20. c3 Ndf6 21. Bc1
Qb5 22. Qxb5 cxb5 23. Bb2 a6 24. Rae1 Kf8 25. Nf5 g6 26. Ne3 Nd6 27. Bc1 Rac8
28. f3 h5 29. h3 Kg7 30. Nd1 Rxe2 31. Rxe2 Re8 32. Kf2 Rxe2+ 33. Kxe2 Nc4 34.
Ne3 Nxe3 35. Kxe3 g5 36. Bd2 Kg6 37. Be1 Ne8 38. g4 hxg4 39. hxg4 f5 40. gxf5+
Kxf5 41. Bg3 Nf6 42. Be5 Nd7 43. Bg3 Nb6 44. Ke2 Nc4 45. Kd3 b6 46. Kc2 a5 47.
Bc7 a4 48. Bg3 Ne3+ 49. Kc1 Ng2 50. Kb2 Nh4 51. f4 Kg4 0-1

[Event "BEM2013 der Damen"]
[Site "Westerndorf St. Peter / Rosen"]
[Date "2013.08.29"]
[Round "7.5"]
[White "Müller, Liliane"]
[Black "Billing, Kerstin"]
[Result "1-0"]
[WhiteElo "1661"]
[BlackElo "1714"]
[PlyCount "73"]
[EventDate "2013.??.??"]
[WhiteTeam "1.Schachklub Neuperlach e.V."]
[BlackTeam "SC Schwabmünchen"]

1. d4 d5 2. c4 c6 3. Nc3 Nf6 4. Nf3 e6 5. e3 Bb4 6. Bd3 dxc4 7. Bxc4 O-O 8. a4
Nbd7 9. O-O Bxc3 10. bxc3 b6 11. Bd3 a5 12. Ba3 Re8 13. Re1 Bb7 14. e4 e5 15.
Qe2 Qc8 16. c4 exd4 17. Nxd4 Ne5 18. Nf5 c5 19. Nd6 Qc7 20. Nxe8 Rxe8 21. f3
Nxd3 22. Qxd3 Nh5 23. Red1 Bc6 24. Qd6 Qc8 25. Bb2 Re6 26. Qd8+ Qxd8 27. Rxd8+
Re8 28. Rxe8+ Bxe8 29. Be5 g6 30. Bc7 Nf6 31. Bxb6 Nd7 32. Bxa5 f6 33. Bc3 Bf7
34. a5 Bxc4 35. a6 Nb6 36. a7 Na8 37. Ra5 1-0